Acuerdos definitivos originados en el III Congreso Universitario 1971-1972
Uloženo v:
| Korporativní autor: | |
|---|---|
| Médium: | Text |
| Vydáno: |
C. U. Rodrigo Facio:
UCR. Depto. de Publicaciones
|
| Témata: | |
| Tagy: |
Přidat tag
Žádné tagy, Buďte první, kdo vytvoří štítek k tomuto záznamu!
|
MARC
| LEADER | 00000 a a2200000 04500 | ||
|---|---|---|---|
| 001 | 17228 | ||
| 003 | |||
| 040 | |||
| 090 | |a 006300 | ||
| 110 | |a UCR. Asamblea Universitaria | ||
| 245 | |a Acuerdos definitivos originados en el III Congreso Universitario 1971-1972 | ||
| 260 | |a C. U. Rodrigo Facio: |b UCR. Depto. de Publicaciones | ||
| 300 | |a 39 p. | ||
| 650 | |a UNIVERSIDADES | ||
| 999 | |c 10771 |d 10771 | ||
